00853nab a22002057a 4500003000400000005001700004008004100021040000700062100002000069245008900089260007300178300001500251500002700266505008200293650001800375650003600393650005200429650001700481773014900498OSt20251215153835.0190429b xxu||||| |||| 00| 0 spa d cPJ aFrega, Leonardo13aLa importancia del expediente tutelar en el proceso penal juvenil cLeonardo Frega. cCiudad Autónoma de Buenos Aires :aThomson Reuters La Ley, b2025. ap. 196-198 aCita: AR/DOC/181/2025. tSi te interesa el texto completo, solicitalo a koha@justierradelfuego.gov.ar  0aDERECHO PENAL 0aRÉGIMEN PENAL DE LA MINORIDAD 0aDERECHOS DE LAS NIÑAS, NIÑOS Y ADOLESCENTES 0aADOLESCENTES0 02658tRevista de derecho penal y criminología. Nº 2 - Marzo 2025dCiudad Autónoma de Buenos Aires : Thomson Reuters La Ley, 2017-x00347914